Cieszyn - quiz wielokrotnego wyboru - Statystyki

Ogólne statystyki
  • Ten quiz został rozwiązany 526 razy
    512 od ostatniego zresetowania
  • Średni wynik to 5 z 10
Statystyki odpowiedzi
Zagadnienie Odpowiedź % Poprawnych
Na granicy z jakim państwem leży Cieszyn? Czechy
96%
Według legendy miasto Cieszyn założyło trzech braci, Bolko, Cieszko i ...? Leszko
83%
Rotunda w Cieszynie jest widoczna na jakim banknocie? 20 złotych
61%
Które z tych pseudonimów, jest pseudonimem Cieszyna? Mały Wiedeń
60%
Flaga Cieszyna przypomina flagę jakiego państwa? Armenia
52%
Który z tych skoczków narciarskich urodził się w Cieszynie? Piotr Żyła
47%
Cieszyn został wyróżniony pamiątkową monetą, wydaną przez NBP. Jaki nominał miała ta moneta? 2 złote
46%
Na cześć którego świętego jest nazwana rotunda w Cieszynie? św. Mikołaja
36%
W Cieszynie znajduje się najstarszy tego typu obiekt w Polsce, założony w XIX wieku. Jaki to obiekt? Muzeum publiczne
34%
W którym roku nastąpił się podział miasta Cieszyn na dwie części? 1920
27%
Nie znaleziono quizów pasujących do podanych kryteriów
Rozkład punktacji
Procent ludzi z każdym wynikiem
Percentyl według liczby udzielonych odpowiedzi
Twoja historia wyników
Nie rozwiązałeś tego quizu od ostatniego zresetowania